Điện động lực học /
Đã lưu trong:
| Tác giả chính: | |
|---|---|
| Định dạng: | Sách giấy |
| Ngôn ngữ: | Vietnamese |
| Được phát hành: |
H. :
Đại học Quốc gia,
1998
|
| Phiên bản: | In lần thứ hai |
| Những chủ đề: | |
| Các nhãn: |
Thêm thẻ
Không có thẻ, Là người đầu tiên thẻ bản ghi này!
|
| Thư viện lưu trữ: | Thư viện Trường Đại học Đà Lạt |
|---|
| LEADER | 00701nam a2200289 4500 | ||
|---|---|---|---|
| 001 | DLU050048492 | ||
| 005 | ##20050922 | ||
| 040 | # | # | |a DLU |b vie |
| 041 | # | # | |a vie |
| 044 | # | # | |a vn |
| 082 | # | # | |a 537.6 |b NG-T |
| 100 | # | # | |a Nguyễn Phúc Thuần |
| 245 | # | # | |a Điện động lực học / |c Nguyễn Phúc Thuần |
| 250 | # | # | |a In lần thứ hai |
| 260 | # | # | |a H. : |b Đại học Quốc gia, |c 1998 |
| 300 | # | # | |a 273 tr. ; |c 20 cm |
| 650 | # | # | |a Điện động lực học. |
| 923 | # | # | |a 39/2005 |
| 992 | # | # | |a 20.500 |
| 994 | # | # | |a DLU |
| 900 | # | # | |a True |
| 911 | # | # | |a Đào Thị Thu Huyền |
| 925 | # | # | |a G |
| 926 | # | # | |a A |
| 927 | # | # | |a SH |
| 980 | # | # | |a Thư viện Trường Đại học Đà Lạt |